000
00331nam a22001457a 4500
003
SGT
020
_a
9393480118-6
082
_a
615.19
_b
GOP
100
_a
GOPI, DR. C.
245
_a
PHARMACEUTICAL ORGANIC CHEMISTRY-III
260
_a
INDIA
_b
BIRLA PUB.
_c
2025
300
_a
199
650
_a
ORGANIC CHEMISTRY
942
_2
ddc
_c
BK
999
_c
33065
_d
33065